Normal view
MARC view
- Boerio-Goates, Juliana.
Entry Personal Name
001 - CONTROL NUMBER
- control field: 8645
003 - CONTROL NUMBER IDENTIFIER
- control field: NUST
005 - DATE AND TIME OF LATEST TRANSACTION
- control field: 20180118115112.0
008 - FIXED-LENGTH DATA ELEMENTS
- fixed length control field: 180118|| aca||aabn | a|a d
040 ## - CATALOGING SOURCE
- Original cataloging agency: NUST
- Transcribing agency: NUST
100 ## - HEADING--PERSONAL NAME
- Personal name: Boerio-Goates, Juliana.
670 ## - SOURCE DATA FOUND
- Source citation: Work cat.: (NUST)30250: Ott, J. Bevan. 8644, Chemical thermodynamics :, 2000.
